Obras Completas. Tomo VI
Salvato in:
| Autore principale: | |
|---|---|
| Natura: | Libro |
| Lingua: | Spanish |
| Pubblicazione: |
Madrid, España
Alianza Editorial
1983
|
| Soggetti: | |
| Tags: |
Aggiungi Tag
Nessun Tag, puoi essere il primo ad aggiungerne!!
|
MARC
| LEADER | 00000nam a22000007a 4500 | ||
|---|---|---|---|
| 008 | 171127b xxu||||| |||| 00| 0 spa d | ||
| 040 | |a cru BVZT | ||
| 090 | |a 100 O-9o T. 6 | ||
| 100 | |a Ortega y Gasset, José | ||
| 245 | |a Obras Completas. Tomo VI |c José Ortega y Gasset | ||
| 260 | |a Madrid, España |b Alianza Editorial |c 1983 | ||
| 300 | |a 512 páginas. Tomo VI | ||
| 650 | |a FILOSOFÍA | ||
| 650 | |a HISTORIA COMO SISTEMA Y DEL IMPERIO ROMANO | ||
| 650 | |a TEORÍA DE ANDALUCÍA Y OTROS ENSAYOS | ||
| 650 | |a BRINDIS 1917 - 1939 | ||
| 650 | |a PRÓLOGOS 1914 - 1943 | ||
| 942 | |c SALA | ||
| 999 | |c 15404 |d 15404 | ||
